Дело об определении в Ревельский Екатеринтальский дворец детей мастеровых Яковлева и Федорова на место их отцов и Андрея Никитин...

Доступно только в Электронных читальных залах Найти на картеНа карте
RUSMARC
00004356nmc2a22002653x 450
00131e7118d-de64-4178-9524-bce14fb3aed6
00520240126170436.0
100##$a20231004l17981798k l0rusy0189 ca
1010#$arus
102##$aRU
105##$ay###
1222#$ad
2001#$aДело об определении в Ревельский Екатеринтальский дворец детей мастеровых Яковлева и Федорова на место их отцов и Андрея Никитина
$j22-26 апреля 1798 г.
215##$a6 л.
$d36,5х26 см
251##$cДело
300##$aДело
300##$aОриг. заголовок дела: Дело об увольнении ревельских екатериндальских мастеровых служителей каменщика Федора Яковлева и столяра Никиты Федорова и об определении на их места детей Петра Федорова и Андрея Никитина. 22 апреля 1798 г. - 26 апреля 1798 г
371##$aДокумент не является опубликованным и широко распространяемым
461#0$1001625a9a7e-a890-4307-a7fe-826a2289a412
$12001
$aГоф-интендантская контора МИДв
$1251
$cФонд
$1852
$j470
462#0$1001847f1b65-a1c8-435f-ad63-a7f71cf87a8b
$12001
$aПо личному составу чиновников Гоф-интендантская конторы; о выдаче пособий и пенсий
$1251
$cОпись
$1852
$j4
$l84-518
5171#$aДело об увольнении ревельских екатериндальских мастеровых служителей каменщика Федора Яковлева и столяра Никиты Федорова и об определении на их места детей Петра Федорова и Андрея Никитина. 22 апреля 1798 г. - 26 апреля 1798 г
801#0$aRU
$bРГИА
$c20231004
$gRCR
801#1$aRU
$bГлавНИВЦ
$c20231004
$2rusmarc
801#2$aRU
$bПБ им. Б.Н. Ельцина
$c20240126
$gRCR
$2rusmarc
850##$aРГИА
852##$aРГИА
$eФедеральное казенное учреждение "Российский государственный исторический архив" (РГИА)
$j239
937##$hРГИА
$d12406278
$aASBIBLIO_SCAN
035##$aRusGRCC00066266
856##$uhttp://readingroom.main.prlib.ru/item.aspx?id_node=n190650669&mode=full
Формат отображения